Public nuisance (Record no. 64432)

MARC details
000 -LEADER
fixed length control field 00814cam a2200169 4500
008 - FIXED-LENGTH DATA ELEMENTS--GENERAL INFORMATION
fixed length control field 000000n2000 000 0 eng u
035 ## - SYSTEM CONTROL NUMBER
System control number (Sirsi) u107870
245 ## - TITLE STATEMENT
Title Public nuisance
260 ## - PUBLICATION, DISTRIBUTION, ETC.
Date of publication, distribution, etc. 2000
490 ## - SERIES STATEMENT
Series statement Estates Gazette
Volume/sequential designation [2000] EGCS 104 (12/08/00)
520 ## - SUMMARY, ETC.
Summary, etc. "Wandsworth London Borough Council v Railtrack plc", QBD 31 July 2000. Public nuisance - Abatement - Liability of landowner for activities of wild creatures - Railway bridge housing large colony of pigeons - Highway users seriously inconvenienced by droppings - Bridge owner allowing claimant council to carry out proofing work on underside of bridge - whether bridge owner liable for cost. HEADNOTE FROM JOURNAL.
650 ## - SUBJECT ADDED ENTRY--TOPICAL TERM
Topical term or geographic name entry element PUBLIC NUISANCE
650 ## - SUBJECT ADDED ENTRY--TOPICAL TERM
Topical term or geographic name entry element ABATEMENT
650 ## - SUBJECT ADDED ENTRY--TOPICAL TERM
Topical term or geographic name entry element PIGEONS
690 ## - LOCAL SUBJECT ADDED ENTRY--TOPICAL TERM (OCLC, RLIN)
Topical term or geographic name as entry element LAW-CASE LAW
942 ## - ADDED ENTRY ELEMENTS (KOHA)
Suppress in OPAC 0
Holdings
Withdrawn status Lost status Source of classification or shelving scheme Damaged status Not for loan Home library Current library Shelving location Date acquired Total Checkouts Full call number Barcode Date last seen Copy number Price effective from Koha item type
    Dewey Decimal Classification     London London News article 17/08/2000   X107870 107870-1001 06/08/2019 1 06/08/2019 Law report